| 000 | 00718nam a22001815i 4500 | ||
|---|---|---|---|
| 001 | 164825 | ||
| 003 | ES-MaACL | ||
| 005 | 20250822235201.0 | ||
| 008 | 000811s1874 fr f |||| | fre d | ||
| 040 |
_aCCPB | B _bspa _cCCPB | B |
||
| 100 | 1 |
_aSaulcy, F. de. _9132497 |
|
| 245 | 1 | 0 |
_aNumismatique de la Terre Sainte _b: description des monnaies autonomes et impériales de la palestine et de l'Arabie Pétrée / _cornée de 25 palnches gravées par L. Dardel. |
| 260 |
_aParis : _bJ. Rothschild, editeur, _c1874 ( _ftypographic George Chamerot) |
||
| 300 |
_aXV, 406 p., XXV h. de grab. ; _c28 cm. |
||
| 650 | 7 |
_aNumismática _2embne _915648 |
|
| 852 |
_aES-MaACL _jG-7755 _z-- Enc. hol. |
||
| 999 |
_c164825 _d164825 |
||